[Event "94th GER-ch"]
[Site "Ostfildern GER"]
[Date "2023.08.19"]
[Round "8.10"]
[White "Graf, Alexander"]
[Black "Dauner, Benedikt"]
[Result "1/2-1/2"]
[WhiteElo "2543"]
[BlackElo "2377"]
[EventDate "2023.08.13"]
[PlyCount "98"]

1.Nf3 d5 2.g3 Nd7 3.Bg2 e5 4.d3 Ngf6 5.O-O c6 6.e4 Bd6 7.Nc3 O-O 8.Nh4 Nb6
9.Bg5 Be7 10.Qe1 d4 11.Nb1 Ne8 12.Bxe7 Qxe7 13.Nd2 Nd6 14.f4 f6 15.Ndf3 c5
16.Qd2 Bd7 17.Rae1 g6 18.c4 a5 19.b3 Nf7 20.a4 Nc8 21.Rf2 Ncd6 22.fxe5 
Nxe5 23.Nxe5 fxe5 24.Rxf8+ Qxf8 25.Nf3 Qe7 26.Rf1 Nf7 27.Rf2 Ra6 28.Qe1 
Rb6 29.Nd2 Nh6 30.h3 Nf7 31.Qf1 Kg7 32.Kh2 h5 33.Qe1 Be6 34.Bf1 Rb4 35.Be2
Qd7 36.Qf1 Ng5 37.h4 Nf7 38.Bd1 Nh6 39.Kg1 Bg4 40.Rf8 Rb6 41.Bxg4 Nxg4 42.
Rf3 Ne3 43.Qf2 Qe6 44.Qe2 Qe7 45.Rf2 Ng4 46.Rf1 Ne3 47.Rf2 Ng4 48.Rf1 Ne3 
49.Rf2 Ng4 1/2-1/2

[Event "94th GER-ch"]
[Site "Ostfildern GER"]
[Date "2023.08.19"]
[Round "8.11"]
[White "Wichmann, Cliff"]
[Black "Wachinger, Nikolas"]
[Result "0-1"]
[WhiteElo "2310"]
[BlackElo "2446"]
[EventDate "2023.08.13"]
[PlyCount "84"]

1.d4 Nf6 2.c4 e6 3.Nf3 d5 4.Nc3 Bb4 5.cxd5 exd5 6.Bg5 h6 7.Bh4 O-O 8.e3 
Bf5 9.Be2 Nbd7 10.O-O c6 11.Qb3 Ba5 12.Rac1 Qb6 13.Nd2 Rfe8 14.a3 Qxb3 15.
Nxb3 Bc7 16.Rfd1 a5 17.Na4 Ne4 18.Nac5 a4 19.g4 axb3 20.gxf5 Nexc5 21.dxc5
Ra5 22.Rc3 Nxc5 23.Bg3 Be5 24.Bxe5 Rxe5 25.Rd4 Rxf5 26.f4 Ne6 27.Rb4 d4 
28.Rcxb3 Nc5 29.Rxb7 Nxb7 30.Rxb7 g6 31.Bd3 Rf6 32.Kf2 Ra4 33.e4 Rxf4+ 34.
Kg3 g5 35.Rc7 Rf6 36.e5 Re6 37.Bc2 Ra5 38.Bb3 Rexe5 39.Bxf7+ Kf8 40.Bg6 d3
41.Rf7+ Kg8 42.Rd7 Rad5 0-1

[Event "94th GER-ch"]
[Site "Ostfildern GER"]
[Date "2023.08.19"]
[Round "8.12"]
[White "Tschernatsch, Johannes"]
[Black "Ronge, Tim"]
[Result "1-0"]
[WhiteElo "2319"]
[BlackElo "2273"]
[EventDate "2023.08.13"]
[PlyCount "177"]

1.e4 c5 2.Nf3 Nc6 3.Bb5 e6 4.O-O Nge7 5.d4 cxd4 6.Nxd4 Ng6 7.Be2 Be7 8.c4 
O-O 9.Nc3 b6 10.Nb3 Bb7 11.Be3 f5 12.exf5 Rxf5 13.f4 Bb4 14.g3 Bxc3 15.
bxc3 Qc7 16.Nd4 Nxd4 17.cxd4 Be4 18.Rc1 Qb7 19.Rf2 Rc8 20.Qb3 Ne7 21.g4 
Rf7 22.d5 exd5 23.c5 d4 24.Bxd4 d6 25.Bc4 d5 26.Be2 Nc6 27.Ba1 Na5 28.Qb5 
Qc6 29.Qxc6 Rxc6 30.Bd4 bxc5 31.Rxc5 Rxc5 32.Bxc5 Rc7 33.Be3 Nc4 34.Bd4 
Nb6 35.h4 Rc1+ 36.Kh2 Rh1+ 37.Kg3 Rg1+ 38.Kh3 Rh1+ 39.Rh2 Rb1 40.h5 Rb4 
41.Bc5 Ra4 42.Bd1 Rc4 43.Bd6 Rc3+ 44.Kh4 Nc4 45.Bb4 Rc1 46.Bb3 Rf1 47.Re2 
Rh1+ 48.Kg3 Rg1+ 49.Kh2 Rh1+ 50.Kg3 Rg1+ 51.Kf2 Rg2+ 52.Kf1 Bd3 53.Kxg2 
Bxe2 54.Kg3 Kf7 55.f5 h6 56.Kf4 Nb6 57.Bc5 Bc4 58.Bd4 Nc8 59.Ke5 Ne7 60.
Bc5 Be2 61.Kf4 a6 62.a4 Bc4 63.Bd1 Nc6 64.Bb6 Kf6 65.a5 Bb5 66.Bb3 d4 67.
Bd5 d3 68.Ke3 Kg5 69.Bf3 Kf6 70.Bc7 Kg5 71.Ke4 Kf6 72.Bb6 Bc4 73.Ke3 Bb5 
74.Bd1 Kg5 75.Ke4 Kf6 76.Bc7 Kg5 77.Bf4+ Kf6 78.Bd2 Bc4 79.Bc3+ Kf7 80.Ba4
Ne7 81.Kd4 Bd5 82.Bd1 Bc6 83.Kxd3 Nd5 84.Be5 Nf6 85.Kd4 Ke7 86.Be2 Bb7 87.
Bxf6+ Kxf6 88.Kc5 Kg5 89.Kb6 1-0

[Event "94th GER-ch"]
[Site "Ostfildern GER"]
[Date "2023.08.19"]
[Round "8.13"]
[White "Weishaeutel, Moritz"]
[Black "Bracker, Arne"]
[Result "0-1"]
[WhiteElo "2427"]
[BlackElo "2267"]
[EventDate "2023.08.13"]
[PlyCount "108"]

1.e4 e5 2.Nf3 Nc6 3.Bc4 Nf6 4.Ng5 d5 5.exd5 Na5 6.Bb5+ c6 7.dxc6 bxc6 8.
Bd3 Nd5 9.Nf3 Bd6 10.O-O O-O 11.Re1 f5 12.Nxe5 Qf6 13.Nf3 g5 14.c4 Nf4 15.
Bf1 g4 16.d4 gxf3 17.Qxf3 Ne6 18.Qc3 Nb7 19.c5 Bc7 20.b4 a5 21.b5 cxb5 22.
Bxb5 a4 23.Bc4 Na5 24.Bd5 Rb8 25.Qd3 Bd7 26.c6 Nxc6 27.Qc4 Rbe8 28.Bxc6 
Bxc6 29.Qxc6 Nxd4 30.Qc4+ Qf7 31.Qxf7+ Kxf7 32.Be3 f4 33.Na3 Ba5 34.Nc4 
Bxe1 35.Bxd4 Bb4 36.Kf1 Re4 37.Rb1 Rfe8 38.Ne5+ Kg8 39.Nf3 Ba5 40.Ba7 Rb4 
41.Rc1 Bb6 42.a3 Rb2 43.Bxb6 Rxb6 44.Nd4 Rb2 45.g3 f3 46.Nxf3 Ree2 47.Rc8+
Kg7 48.Rc7+ Kf6 49.Rc6+ Ke7 50.Rc7+ Ke8 51.Rc3 Rxf2+ 52.Kg1 Rg2+ 53.Kf1 
Rgc2 54.Re3+ Kd8 0-1

[Event "94th GER-ch"]
[Site "Ostfildern GER"]
[Date "2023.08.19"]
[Round "8.14"]
[White "Schulz, Lukas"]
[Black "Ehmann, Thilo"]
[Result "1/2-1/2"]
[WhiteElo "2347"]
[BlackElo "2402"]
[EventDate "2023.08.13"]
[PlyCount "84"]

1.e4 c5 2.Nf3 d6 3.Be2 Nf6 4.Nc3 e5 5.O-O Be7 6.d3 Nc6 7.Nd2 Be6 8.Nc4 d5 
9.exd5 Nxd5 10.Nxd5 Bxd5 11.Bf3 O-O 12.Re1 f6 13.c3 Kh8 14.Bd2 Qd7 15.Bxd5
Qxd5 16.Re3 b5 17.Na3 c4 18.dxc4 bxc4 19.Be1 Qxd1 20.Rxd1 Bxa3 21.bxa3 
Rfd8 22.Rxd8+ Nxd8 23.Re4 Rc8 24.f4 Nf7 25.fxe5 fxe5 26.Bf2 a6 27.Kf1 Kg8 
28.Re1 Kf8 29.Rb1 Rc6 30.a4 Ke7 31.Rb7+ Kf6 32.a5 Nd6 33.Rb6 Rxb6 34.axb6 
Ke6 35.Ke2 Kd5 36.Bg3 g6 37.Kf3 h5 38.h3 Ke6 39.Bf2 Kd5 40.g4 hxg4+ 41.
Kxg4 Kc6 42.Kf3 Nb5 1/2-1/2

[Event "94th GER-ch"]
[Site "Ostfildern GER"]
[Date "2023.08.19"]
[Round "8.15"]
[White "Weber, Samuel"]
[Black "Bosselmann, Tom Linus"]
[Result "1-0"]
[WhiteElo "2276"]
[BlackElo "2106"]
[EventDate "2023.08.13"]
[PlyCount "53"]

1.c4 Nf6 2.g3 g6 3.Bg2 Bg7 4.Nc3 O-O 5.Rb1 c6 6.e4 d6 7.d3 a5 8.Nge2 e5 9.
O-O Na6 10.a3 Nc7 11.b4 axb4 12.axb4 d5 13.Qb3 Be6 14.Rd1 dxc4 15.dxc4 Qe7
16.Be3 Rfc8 17.Rbc1 Bf8 18.Na4 b5 19.Nb6 bxc4 20.Qc2 Na6 21.Nxa8 Rxa8 22.
Qa4 Qb7 23.Ra1 Nc7 24.Qc2 Rxa1 25.Rxa1 Qxb4 26.Rb1 Qa5 27.Bb6 1-0

[Event "94th GER-ch"]
[Site "Ostfildern GER"]
[Date "2023.08.19"]
[Round "8.16"]
[White "Wong, Gengchun"]
[Black "Herrmann, Jakob"]
[Result "1-0"]
[WhiteElo "2257"]
[BlackElo "2068"]
[EventDate "2023.08.13"]
[PlyCount "93"]

1.d4 Nf6 2.Bf4 g6 3.Nc3 d5 4.e3 a6 5.h4 Bg7 6.Be2 Nbd7 7.h5 c5 8.Qd2 b5 9.
h6 Bf8 10.a3 Bb7 11.Nf3 c4 12.Ng5 Qb6 13.Bf3 Rd8 14.Rd1 e6 15.e4 b4 16.
axb4 Bxb4 17.e5 Ng8 18.g4 Ne7 19.O-O O-O 20.Qe3 Nc8 21.Ne2 Be7 22.Ng3 Bc6 
23.Rb1 Ba4 24.Bd1 Rde8 25.Nf3 a5 26.Ra1 Bb5 27.c3 Bc6 28.Ra2 Qd8 29.Bc2 f6
30.exf6 Bxf6 31.Rfa1 Qb6 32.Ne5 Nxe5 33.Bxe5 Bd7 34.Nf1 Re7 35.Bg3 Ref7 
36.Nh2 Be7 37.g5 Nd6 38.Ng4 Nf5 39.Bxf5 Rxf5 40.Ne5 Be8 41.Rxa5 Bxg5 42.
Qe2 Bxh6 43.Ra6 Qd8 44.Ng4 Bg7 45.Bd6 Bf7 46.Bxf8 Bxf8 47.Nh6+ 1-0

[Event "94th GER-ch"]
[Site "Ostfildern GER"]
[Date "2023.08.19"]
[Round "8.17"]
[White "Gramb, Marius"]
[Black "Buescher, Andre"]
[Result "1-0"]
[WhiteElo "2219"]
[BlackElo "2055"]
[EventDate "2023.08.13"]
[PlyCount "108"]

1.e4 e6 2.d4 d5 3.Nd2 h6 4.Ngf3 Nf6 5.e5 Nfd7 6.Bd3 c5 7.c3 Nc6 8.O-O Qb6 
9.dxc5 Nxc5 10.Bc2 Be7 11.Re1 a5 12.b3 Bd7 13.Nd4 Nxd4 14.cxd4 Na6 15.Bb2 
Nb4 16.Bb1 Bb5 17.Nf1 Qa6 18.Re3 Bxf1 19.Qxf1 Qxf1+ 20.Kxf1 Rc8 21.Re2 Kd7
22.a3 Nc6 23.Bd3 g5 24.Bb5 Kc7 25.Rc2 Kb6 26.Bd3 h5 27.f3 h4 28.Re1 Rcg8 
29.Kg1 Bf8 30.Rf1 Be7 31.Re2 Kc7 32.Kh1 Nd8 33.Bb5 Kb6 34.a4 Rg7 35.f4 
gxf4 36.Rxf4 Bg5 37.Rf3 Rhg8 38.Ba3 Nc6 39.Bc5+ Kc7 40.Ref2 Nd8 41.Rc2 Nc6
42.Rcf2 Nd8 43.Bd6+ Kb6 44.Rc2 Nc6 45.Bxc6 bxc6 46.Rcf2 f5 47.exf6 Rf7 48.
Be7 Kc7 49.Kg1 Kd7 50.Kf1 Bh6 51.Ke2 Rg4 52.Kd3 Re4 53.Re2 Rg4 54.h3 Rf4 
1-0

[Event "94th GER-ch"]
[Site "Ostfildern GER"]
[Date "2023.08.19"]
[Round "8.18"]
[White "Kocharin, Timur"]
[Black "Feidt, Jonas"]
[Result "1-0"]
[WhiteElo "2179"]
[BlackElo "1974"]
[EventDate "2023.08.13"]
[PlyCount "73"]

1.d4 Nf6 2.c4 c5 3.Nf3 e6 4.Nc3 cxd4 5.Nxd4 Bb4 6.Qb3 Bxc3+ 7.Qxc3 O-O 8.
a3 d5 9.e3 Re8 10.Be2 e5 11.Nf3 Nc6 12.cxd5 Nxd5 13.Qd2 e4 14.Nd4 Qg5 15.
g4 Qh4 16.Nxc6 bxc6 17.h3 f5 18.gxf5 Bxf5 19.b3 Rad8 20.Bb2 Nf6 21.Qc3 Qg5
22.Qxc6 Qg2 23.Bc4+ Kh8 24.Rf1 Rf8 25.Bd4 Bxh3 26.Qb7 Qh2 27.O-O-O Bxf1 
28.Rxf1 Rd7 29.Qc6 Qc7 30.Qb5 Qb7 31.Qf5 Qc8 32.Kb2 Rc7 33.Be6 Qb7 34.Rh1 
h6 35.Qg6 Qb5 36.Rxh6+ gxh6 37.Qxh6+ 1-0

[Event "94th GER-ch"]
[Site "Ostfildern GER"]
[Date "2023.08.20"]
[Round "9.1"]
[White "Lagunow, Raphael"]
[Black "Koelle, Tobias"]
[Result "1/2-1/2"]
[WhiteElo "2413"]
[BlackElo "2438"]
[EventDate "2023.08.13"]
[PlyCount "64"]

1.e4 c5 2.c3 Nf6 3.e5 Nd5 4.Nf3 d6 5.Bb5+ Bd7 6.Bc4 e6 7.d4 cxd4 8.Bxd5 
exd5 9.O-O dxe5 10.Nxe5 Be6 11.cxd4 Bd6 12.Nc3 O-O 13.Bf4 Bxe5 14.Bxe5 Nc6
15.Re1 Qd7 16.Qd2 Ne7 17.Nd1 Rac8 18.Ne3 f6 19.Bg3 Nf5 20.Nxf5 Bxf5 21.
Rac1 Rxc1 22.Rxc1 Rc8 23.Rxc8+ Qxc8 24.Qc3 Qxc3 25.bxc3 Kf7 26.Bb8 a6 27.
Kf1 Ke6 28.Ke2 Bg6 29.Kd2 Bf5 30.Ke2 Bg6 31.Kd2 Bf5 32.Ke2 Bg6 1/2-1/2

[Event "94th GER-ch"]
[Site "Ostfildern GER"]
[Date "2023.08.20"]
[Round "9.2"]
[White "Dahl, Christoph"]
[Black "Kunin, Vitaly"]
[Result "0-1"]
[WhiteElo "2336"]
[BlackElo "2532"]
[EventDate "2023.08.13"]
[PlyCount "158"]

1.e4 c5 2.Nf3 e6 3.d4 cxd4 4.Nxd4 Nc6 5.Nc3 Qc7 6.Be3 a6 7.Qf3 Ne5 8.Qg3 
h5 9.Bf4 d6 10.Bg5 b5 11.a3 Bb7 12.O-O-O Rc8 13.Kb1 Nc4 14.Ndxb5 axb5 15.
Nxb5 Nxa3+ 16.Nxa3 Bxe4 17.Rd4 Bxc2+ 18.Ka2 f6 19.Rc4 Qb7 20.Rxc8+ Qxc8 
21.Bb5+ Kf7 22.Rc1 fxg5 23.Qxg5 Be7 24.Qe3 Nf6 25.Rxc2 Qb7 26.Re2 e5 27.
Qb3+ Kf8 28.Rc2 g6 29.Qe6 Kg7 30.Bc6 Qa7 31.Kb1 Bf8 32.Nb5 Qa5 33.Nxd6 
Bxd6 34.Qxd6 Rf8 35.f3 e4 36.Bxe4 Rf7 37.Qd2 Qe5 38.g3 Nxe4 39.Qe3 Nd2+ 
40.Qxd2 Rxf3 41.Qd7+ Kh6 42.Qd2+ Kh7 43.Rc1 Rf7 44.Rc4 Ra7 45.Qf4 Qe1+ 46.
Rc1 Qa5 47.Rc3 Rb7 48.Rc4 Rd7 49.h4 Qa7 50.Rc3 Qb7 51.Qf3 Qb4 52.Rd3 Qe1+ 
53.Kc2 Rc7+ 54.Rc3 Re7 55.Qf4 Qe2+ 56.Kb1 Qd1+ 57.Qc1 Qd6 58.Re3 Rf7 59.
Qc4 Rc7 60.Qe2 Qc5 61.Rc3 Qg1+ 62.Ka2 Ra7+ 63.Kb3 Qa1 64.Kc2 Rb7 65.Rb3 
Qa4 66.Qf3 Ra7 67.Kd2 Qd4+ 68.Ke2 Re7+ 69.Kf1 Qc4+ 70.Qd3 Rf7+ 71.Ke2 Qc1 
72.Qe4 Qf1+ 73.Kd2 Rf2+ 74.Kc3 Qc1+ 75.Kb4 Rf7 76.Kb5 Qc8 77.Rb4 Ra7 78.
Qd5 Rb7+ 79.Ka4 Qa8+ 0-1

[Event "94th GER-ch"]
[Site "Ostfildern GER"]
[Date "2023.08.20"]
[Round "9.3"]
[White "Deuer, Marius"]
[Black "Hacker, Jonas"]
[Result "1-0"]
[WhiteElo "2440"]
[BlackElo "2406"]
[EventDate "2023.08.13"]
[PlyCount "65"]

1.d4 Nf6 2.c4 e6 3.Nc3 Bb4 4.e3 O-O 5.Ne2 c6 6.a3 Ba5 7.b4 Bc7 8.d5 cxd5 
9.cxd5 exd5 10.Bb2 Be5 11.f4 Bxc3+ 12.Nxc3 Qb6 13.Qd3 Nc6 14.Na4 Qd8 15.
Be2 Re8 16.O-O d4 17.b5 Rxe3 18.Qc2 Na5 19.Bxd4 Re8 20.Nc3 d5 21.Rad1 Ne4 
22.Nxe4 Rxe4 23.Bd3 Rxd4 24.Bxh7+ Kh8 25.Rxd4 Qb6 26.Qf2 Kxh7 27.f5 Kg8 
28.Rxd5 Qxf2+ 29.Rxf2 Bxf5 30.Rfxf5 Rc8 31.Rd7 f6 32.h4 Nc4 33.Rfd5 1-0

[Event "94th GER-ch"]
[Site "Ostfildern GER"]
[Date "2023.08.20"]
[Round "9.4"]
[White "Fridman, Daniel"]
[Black "Meister, Jakob"]
[Result "1/2-1/2"]
[WhiteElo "2586"]
[BlackElo "2439"]
[EventDate "2023.08.13"]
[PlyCount "104"]

1.Nf3 d5 2.c4 c6 3.g3 Nf6 4.Bg2 g6 5.d4 Bg7 6.cxd5 cxd5 7.Nc3 O-O 8.Ne5 e6
9.O-O Nfd7 10.e4 dxe4 11.Nxe4 Nxe5 12.dxe5 Qxd1 13.Rxd1 Bxe5 14.Bg5 Nc6 
15.Nf6+ Bxf6 16.Bxf6 e5 17.Rd5 Re8 18.Rc1 Bf5 19.Rd6 Re6 20.Rxe6 Bxe6 21.
b3 Rc8 22.Rd1 h6 23.h4 Re8 24.Rd6 a5 25.Kf1 a4 26.bxa4 Bxa2 27.Bxc6 bxc6 
28.Rxc6 Kh7 29.Rc5 g5 30.Bxe5 Kg6 31.hxg5 hxg5 32.a5 f6 33.Bd4 Re4 34.Be3 
Re5 35.Rxe5 fxe5 36.g4 Be6 37.f3 e4 38.fxe4 Bxg4 39.a6 Bc8 40.a7 Bb7 41.e5
Kf5 42.Bd4 Bc6 43.Ke2 Ke6 44.Kf2 Kd7 45.Kg3 Kc8 46.e6 Kb7 47.Kg4 Ba4 48.
Kxg5 Ka8 49.e7 Kb7 50.a8=Q+ Kxa8 51.Ba7 Kb7 52.e8=Q Bxe8 1/2-1/2

[Event "94th GER-ch"]
[Site "Ostfildern GER"]
[Date "2023.08.20"]
[Round "9.5"]
[White "Wachinger, Nikolas"]
[Black "Arndt, Magnus"]
[Result "1/2-1/2"]
[WhiteElo "2446"]
[BlackElo "2405"]
[EventDate "2023.08.13"]
[PlyCount "142"]

1.e4 e5 2.Nf3 Nc6 3.Bc4 Nf6 4.Ng5 d5 5.exd5 Na5 6.Bb5+ c6 7.dxc6 bxc6 8.
Bd3 Nd5 9.h4 Qc7 10.O-O h6 11.Ne4 Be7 12.Ng3 Bxh4 13.Qf3 Be7 14.Re1 O-O 
15.a3 Nf4 16.b4 Nxd3 17.Qxd3 Nb7 18.Bb2 Bd6 19.f4 exf4 20.Nh5 f6 21.Qg6 
Be5 22.d4 Bd6 23.Nc3 Qf7 24.Qxf7+ Kxf7 25.Ne4 Bc7 26.Bc1 Re8 27.Bxf4 Bxf4 
28.Nxf4 Bf5 29.Ng3 Bxc2 30.Rec1 Ba4 31.d5 cxd5 32.Rc7+ Re7 33.Rac1 Rd8 34.
Rxe7+ Kxe7 35.Rc7+ Rd7 36.Nf5+ Kf8 37.Rc8+ Kf7 38.Ra8 Nd8 39.Nd4 g5 40.Nd3
Nc6 41.Nc5 Nxd4 42.Nxd7 Bxd7 43.Rxa7 Ke7 44.a4 Nc6 45.Rb7 Kd8 46.b5 Nd4 
47.Rb6 Ne2+ 48.Kf2 Nc3 49.Ra6 Nxa4 50.Rxa4 Bxb5 51.Ra8+ Ke7 52.Rh8 Ke6 53.
Rxh6 Ke5 54.Rh8 Bd3 55.Ke3 Be4 56.g3 d4+ 57.Kf2 Bd5 58.Re8+ Kf5 59.Ke2 Bc6
60.Re7 Bb5+ 61.Kf3 Bc6+ 62.Ke2 Kg4 63.Kf2 f5 64.Re6 Be4 65.Rd6 d3 66.Rd4 
Kh5 67.Ke3 Kg4 68.Kf2 Kh5 69.Ke3 Kg6 70.Rd6+ Kf7 71.Rb6 g4 1/2-1/2

[Event "94th GER-ch"]
[Site "Ostfildern GER"]
[Date "2023.08.20"]
[Round "9.6"]
[White "Poetsch, Hagen"]
[Black "Stelmaszyk, Nico"]
[Result "1/2-1/2"]
[WhiteElo "2484"]
[BlackElo "2337"]
[EventDate "2023.08.13"]
[PlyCount "52"]

1.e4 c5 2.Nf3 e6 3.d4 cxd4 4.Nxd4 Nf6 5.Bd3 Nc6 6.Nxc6 bxc6 7.Bf4 d5 8.Nd2
Be7 9.O-O O-O 10.c4 a5 11.Qe2 Qb6 12.Bg5 Re8 13.e5 Nd7 14.Bxe7 Rxe7 15.Nf3
Ba6 16.Rfc1 Nf8 17.Rc2 Rb7 18.Rac1 a4 19.cxd5 Bxd3 20.Qxd3 cxd5 21.Nd4 h6 
22.b3 axb3 23.axb3 Rbb8 24.Nc6 Rb7 25.Nd4 Rbb8 26.Nc6 Rb7 1/2-1/2

[Event "94th GER-ch"]
[Site "Ostfildern GER"]
[Date "2023.08.20"]
[Round "9.7"]
[White "Colbow, Collin"]
[Black "Tschernatsch, Johannes"]
[Result "0-1"]
[WhiteElo "2409"]
[BlackElo "2319"]
[EventDate "2023.08.13"]
[PlyCount "72"]

1.c4 g6 2.e4 e5 3.Nf3 Bg7 4.d4 exd4 5.Nxd4 Nf6 6.Nc3 O-O 7.Bd3 d5 8.cxd5 
c6 9.Bg5 h6 10.Bxf6 Qxf6 11.Nde2 cxd5 12.exd5 Nd7 13.O-O Ne5 14.Be4 Nc4 
15.Qc2 Nd6 16.Bf3 h5 17.Rfd1 Bd7 18.Ne4 Nxe4 19.Bxe4 Rac8 20.Nc3 b5 21.Qb3
Rfe8 22.Bf3 Qf4 23.Re1 Be5 24.Rxe5 Rxe5 25.Qd1 Rce8 26.Ne2 Qf6 27.Qd2 Bg4 
28.Bxg4 hxg4 29.Ng3 Qd6 30.Rd1 Rd8 31.h3 gxh3 32.gxh3 Rxd5 33.Qxd5 Qxd5 
34.Rxd5 Rxd5 35.Ne4 Rd4 36.Nc3 a6 0-1

[Event "94th GER-ch"]
[Site "Ostfildern GER"]
[Date "2023.08.20"]
[Round "9.8"]
[White "Buescher, Andre"]
[Black "Eichstaedt, Mirko"]
[Result "0-1"]
[WhiteElo "2055"]
[BlackElo "2237"]
[EventDate "2023.08.13"]
[PlyCount "118"]

1.e4 e5 2.Nf3 Nc6 3.Bb5 a6 4.Ba4 Nf6 5.O-O Be7 6.Re1 b5 7.Bb3 d6 8.c3 O-O 
9.d3 Re8 10.Nbd2 Bf8 11.Nf1 h6 12.Ng3 g6 13.d4 exd4 14.cxd4 Na5 15.Bc2 c5 
16.dxc5 dxc5 17.Qxd8 Rxd8 18.Bd2 Nc6 19.Rad1 Be6 20.a3 Nd7 21.Bf4 g5 22.
Bc1 Bg4 23.Nf5 Bxf3 24.gxf3 Nde5 25.Kg2 Nd4 26.Nxd4 cxd4 27.f4 gxf4 28.
Bxf4 Bg7 29.Bc1 d3 30.Bb1 Rac8 31.f4 Nc4 32.Bxd3 Nxb2 33.Bxb2 Bxb2 34.a4 
bxa4 35.Bb1 a3 36.Kf3 Rc3+ 37.Kg4 Rb8 38.e5 Rcb3 39.e6 Bc3 40.e7 f5+ 41.
Kh5 Bxe1 42.Rxe1 Kg7 43.Bxf5 a2 44.Ra1 Rb2 45.Bd7 Rxh2+ 46.Kg4 Kf7 47.Re1 
Re2 48.e8=Q+ Rbxe8 49.Bxe8+ Rxe8 50.Ra1 Re2 51.Kf5 Rb2 52.Ke5 a5 53.Kf5 a4
54.Ke5 h5 55.Kf5 Rg2 56.Ke4 h4 57.Kf3 h3 58.Rh1 Rb2 59.Ra1 h2 0-1

[Event "94th GER-ch"]
[Site "Ostfildern GER"]
[Date "2023.08.20"]
[Round "9.9"]
[White "Miller, Eduard"]
[Black "Gloeckler, Christian"]
[Result "1-0"]
[WhiteElo "2324"]
[BlackElo "2318"]
[EventDate "2023.08.13"]
[PlyCount "101"]

1.Nf3 d5 2.g3 c6 3.Bg2 Bg4 4.O-O Nd7 5.d4 e6 6.c4 dxc4 7.Nbd2 Nb6 8.Qc2 
Bf5 9.e4 Bg6 10.Rd1 Nf6 11.Ne5 Qxd4 12.Ndxc4 Bxe4 13.Qe2 Qc5 14.Bxe4 Nbd5 
15.Bxd5 cxd5 16.b4 Qc7 17.Na5 a6 18.Bf4 Bxb4 19.Nxb7 g5 20.Ng4 gxf4 21.
Nxf6+ Kf8 22.Rab1 Qxb7 23.Qe5 fxg3 24.hxg3 Rd8 25.a3 Bd6 26.Qxd6+ Rxd6 27.
Rxb7 Kg7 28.Ng4 Rf8 29.Ne5 Kg8 30.Rd4 h5 31.Nd7 Rd8 32.Nf6+ Kg7 33.Nxh5+ 
Kg6 34.Nf4+ Kf6 35.Nd3 e5 36.Rh4 e4 37.Rf4+ Ke6 38.Rfxf7 Re8 39.Nf4+ Ke5 
40.Kf1 Rc8 41.Rfe7+ Kd4 42.Rec7 Rh8 43.Ke2 Rh1 44.Rd7 Ke5 45.Rxd6 Kxd6 46.
Rb6+ Kc5 47.Rxa6 d4 48.Ra5+ Kc4 49.Ra4+ Kc5 50.Ne6+ Kd5 51.Nxd4 1-0

[Event "94th GER-ch"]
[Site "Ostfildern GER"]
[Date "2023.08.20"]
[Round "9.10"]
[White "Bracker, Arne"]
[Black "Graf, Alexander"]
[Result "0-1"]
[WhiteElo "2267"]
[BlackElo "2543"]
[EventDate "2023.08.13"]
[PlyCount "112"]

1.e4 e5 2.Nf3 Nc6 3.Bb5 a6 4.Ba4 Nf6 5.O-O Be7 6.d3 d6 7.c3 O-O 8.Re1 b5 
9.Bc2 a5 10.Nbd2 a4 11.Nf1 Re8 12.d4 Bf8 13.Ng3 Bd7 14.h3 g6 15.Bg5 Bg7 
16.Qd2 Qe7 17.Rad1 Red8 18.Nh2 Qf8 19.f4 h6 20.fxe5 dxe5 21.Be3 a3 22.d5 
Na5 23.b3 c6 24.Bb6 Rdc8 25.c4 bxc4 26.b4 c3 27.Qf2 Qxb4 28.Nf3 Nc4 29.Rb1
Nb2 30.Bc5 Qb5 31.d6 Re8 32.Qe3 Qa5 33.Bb3 Be6 34.Bxe6 Rxe6 35.Rec1 Nc4 
36.Qf2 Nxd6 37.Bb4 Qc7 38.Bxd6 Qxd6 39.Rxc3 Bf8 40.Kh2 Rb8 41.Rxc6 Rxb1 
42.Rxd6 Bxd6 43.Qc2 Rb2 44.Qc4 Kg7 45.Ne1 Rb4 46.Qc2 Be7 47.Nd3 Rd4 48.Ne1
Bf8 49.Nf3 Rb4 50.Qc7 Nxe4 51.Nxe5 Rf6 52.Nxe4 Rxe4 53.Nc4 Re2 54.Qg3 Rxa2
55.Qc3 Rf2 56.Nxa3 Bd6+ 0-1

[Event "94th GER-ch"]
[Site "Ostfildern GER"]
[Date "2023.08.20"]
[Round "9.11"]
[White "Krassowizkij, Jaroslaw"]
[Black "Dauner, Benedikt"]
[Result "1/2-1/2"]
[WhiteElo "2445"]
[BlackElo "2377"]
[EventDate "2023.08.13"]
[PlyCount "74"]

1.e4 c5 2.Nf3 e6 3.d4 cxd4 4.Nxd4 Nf6 5.Nc3 Nc6 6.Nxc6 bxc6 7.e5 Nd5 8.Ne4
Qc7 9.f4 Qb6 10.c4 Ne3 11.Qd3 Bb4+ 12.Bd2 Ba6 13.b3 O-O 14.Nc3 Nd5 15.
O-O-O Qa5 16.Kb2 Rab8 17.Nb1 Bxd2 18.Qxd2 Qxd2+ 19.Rxd2 Nxf4 20.Rxd7 Bb7 
21.c5 Ng6 22.Be2 Nxe5 23.Rc7 Rfc8 24.Rxc8+ Rxc8 25.Rd1 Kf8 26.Na3 Ke7 27.
Nc4 Nxc4+ 28.Bxc4 g5 29.b4 Rd8 30.Rxd8 Kxd8 31.Kc3 Ke7 32.Kd4 f6 33.a4 a6 
34.g3 Bc8 35.Ke4 Bb7 36.Kd4 Bc8 37.Ke4 Bb7 1/2-1/2

[Event "94th GER-ch"]
[Site "Ostfildern GER"]
[Date "2023.08.20"]
[Round "9.12"]
[White "Nemitz, Alfred"]
[Black "Schulz, Lukas"]
[Result "1/2-1/2"]
[WhiteElo "2228"]
[BlackElo "2347"]
[EventDate "2023.08.13"]
[PlyCount "80"]

1.d4 Nf6 2.Nf3 g6 3.Bg5 Bg7 4.Nbd2 O-O 5.c3 d6 6.e4 h6 7.Bxf6 Bxf6 8.Bc4 
e5 9.dxe5 dxe5 10.O-O Qe7 11.Re1 Bg7 12.Qc2 Nd7 13.a4 Kh8 14.a5 c6 15.Nf1 
Nf6 16.Ne3 Nh5 17.Bf1 f5 18.exf5 gxf5 19.g3 e4 20.Nh4 Qg5 21.Neg2 Be6 22.
Be2 Be5 23.f4 Nxf4 24.gxf4 Bxf4 25.Kh1 Be5 26.Rg1 Rg8 27.Qc1 f4 28.Qe1 Qf6
29.Rf1 Raf8 30.Ra4 Bd5 31.c4 Be6 32.Bd1 f3 33.Bxf3 exf3 34.Rxf3 Qg5 35.Re3
Bd4 36.Rxe6 Bf2 37.Qe5+ Qxe5 38.Rxe5 Bxh4 39.Ra1 Bf6 40.Re2 Bd4 1/2-1/2

[Event "94th GER-ch"]
[Site "Ostfildern GER"]
[Date "2023.08.20"]
[Round "9.13"]
[White "Ehmann, Thilo"]
[Black "Gramb, Marius"]
[Result "1/2-1/2"]
[WhiteElo "2402"]
[BlackElo "2219"]
[EventDate "2023.08.13"]
[PlyCount "93"]

1.e4 e5 2.Nf3 Nc6 3.Bb5 Nf6 4.O-O Nxe4 5.d4 Nd6 6.Bxc6 dxc6 7.dxe5 Nf5 8.
Qxd8+ Kxd8 9.h3 Ke8 10.Nc3 h5 11.Bf4 Be7 12.Rad1 Be6 13.Ng5 Rh6 14.g3 Bxg5
15.Bxg5 Rg6 16.h4 f6 17.exf6 gxf6 18.Bf4 Nxh4 19.f3 Rd8 20.Kf2 Rxd1 21.
Nxd1 Nf5 22.Rh1 Bxa2 23.Rxh5 Be6 24.g4 Nd6 25.Rh7 Nf7 26.Nc3 b6 27.Ne2 Rg8
28.Ke3 Kf8 29.Bxc7 Rh8 30.Rxh8+ Nxh8 31.Bd8 Kf7 32.Nf4 Ng6 33.Nxe6 Kxe6 
34.Ke4 Nf8 35.f4 Nd7 36.g5 Nc5+ 37.Ke3 fxg5 38.Bxg5 Kf5 39.Be7 Ne6 40.Bd6 
a5 41.c4 a4 42.Kf3 c5 43.Ke3 Nd4 44.Kd3 Ne6 45.Ke3 Nd4 46.Kd3 Ne6 47.Ke3 
1/2-1/2

[Event "94th GER-ch"]
[Site "Ostfildern GER"]
[Date "2023.08.20"]
[Round "9.14"]
[White "Ronge, Tim"]
[Black "Wichmann, Cliff"]
[Result "1-0"]
[WhiteElo "2273"]
[BlackElo "2310"]
[EventDate "2023.08.13"]
[PlyCount "117"]

1.e4 e6 2.d4 d5 3.Nc3 Nf6 4.e5 Nfd7 5.f4 c5 6.Nf3 Be7 7.Be3 b6 8.Qd2 O-O 
9.O-O-O c4 10.f5 b5 11.g4 b4 12.Ne2 Qa5 13.Kb1 c3 14.Qe1 cxb2 15.Nf4 Nc6 
16.Nd2 b3 17.Nxb3 Qa3 18.Qc3 Nb6 19.Bb5 Bd7 20.Qxb2 Qxb2+ 21.Kxb2 Rab8 22.
Ka1 Nb4 23.Bd3 Nxd3 24.f6 gxf6 25.cxd3 Ba4 26.exf6 Bxf6 27.Nh5 Bh8 28.g5 
Nd7 29.Rdg1 Rfc8 30.Nf6+ Kf8 31.Nc5 Nxc5 32.dxc5 e5 33.d4 Rb4 34.dxe5 Re4 
35.Re1 Rxe5 36.Nxh7+ Ke7 37.Bd4 Rxe1+ 38.Rxe1+ Kd7 39.Nf6+ Bxf6 40.Bxf6 
Re8 41.Rxe8 Kxe8 42.Kb2 Kd7 43.h4 Bd1 44.Kc3 Be2 45.Kd2 Bh5 46.Ke3 Bg6 47.
Kf4 Bb1 48.a3 Ke6 49.h5 a6 50.Be5 d4 51.c6 Bc2 52.c7 Kd7 53.h6 Bg6 54.Bxd4
Kxc7 55.Ke5 Kc6 56.Kf6 Kd5 57.Bb2 Ke4 58.Kg7 Kf5 59.Bf6 1-0

[Event "94th GER-ch"]
[Site "Ostfildern GER"]
[Date "2023.08.20"]
[Round "9.15"]
[White "Malek, Daniel"]
[Black "Weber, Samuel"]
[Result "0-1"]
[WhiteElo "2321"]
[BlackElo "2276"]
[EventDate "2023.08.13"]
[PlyCount "69"]

1.d4 Nf6 2.c4 g6 3.Nc3 Bg7 4.e4 d6 5.Be2 O-O 6.Be3 e5 7.d5 Na6 8.h4 h5 9.
f3 Nh7 10.g4 hxg4 11.fxg4 f5 12.gxf5 gxf5 13.Nf3 Nc5 14.Qd2 fxe4 15.Ng5 
Bf5 16.Bxc5 dxc5 17.Qe3 a5 18.O-O-O Nxg5 19.hxg5 Ra6 20.Rdg1 Bg6 21.Bh5 
Qe8 22.Bxg6 Qxg6 23.Rh6 Rf3 24.Rxg6 Rxe3 25.Rxa6 bxa6 26.Rg4 Kf7 27.Nxe4 
Kg6 28.Kd2 Rh3 29.Rg2 Bf8 30.Ke2 Be7 31.Rf2 Rh4 32.Kd3 Rh3+ 33.Ke2 Rh4 34.
Kd3 Rh3+ 35.Ke2 0-1

[Event "94th GER-ch"]
[Site "Ostfildern GER"]
[Date "2023.08.20"]
[Round "9.16"]
[White "Bosselmann, Tom Linus"]
[Black "Wong, Gengchun"]
[Result "1-0"]
[WhiteElo "2106"]
[BlackElo "2257"]
[EventDate "2023.08.13"]
[PlyCount "47"]

1.e4 c5 2.Nf3 d6 3.d4 cxd4 4.Nxd4 Nf6 5.Nc3 Nc6 6.Bc4 Qb6 7.Nb3 e6 8.O-O 
a6 9.Be3 Qc7 10.f4 b5 11.Bd3 Be7 12.Qf3 O-O 13.a3 Bb7 14.Qh3 g6 15.Rad1 b4
16.axb4 Nxb4 17.f5 Nxd3 18.Rxd3 Nxe4 19.Nxe4 Bxe4 20.fxe6 f5 21.Rc3 Qb7 
22.Bd4 Rfc8 23.Qxh7+ Kxh7 24.Rh3+ 1-0

[Event "94th GER-ch"]
[Site "Ostfildern GER"]
[Date "2023.08.20"]
[Round "9.17"]
[White "Herrmann, Jakob"]
[Black "Kocharin, Timur"]
[Result "0-1"]
[WhiteElo "2068"]
[BlackElo "2179"]
[EventDate "2023.08.13"]
[PlyCount "98"]

1.e4 c5 2.Nf3 d6 3.Bb5+ Nd7 4.a4 Nf6 5.Nc3 a6 6.Bc4 e6 7.d4 cxd4 8.Nxd4 
Nc5 9.Qe2 Be7 10.O-O O-O 11.Bd2 Ncxe4 12.Nxe4 d5 13.Nxf6+ Bxf6 14.Bb4 Re8 
15.Rfd1 Qb6 16.c3 dxc4 17.Qxc4 Bd7 18.a5 Qd8 19.Nb3 Bb5 20.Qc5 Qc8 21.Qe3 
e5 22.Bc5 Qf5 23.Bb6 Bg5 24.Qe1 Bc6 25.Qe2 Qg6 26.Qg4 h5 27.Qh3 Be4 28.Nc5
Bf5 29.Qg3 h4 30.Qf3 h3 31.Rd5 hxg2 32.Re1 Bf4 33.Qxg2 Qh5 34.f3 Rac8 35.
Ne4 Bxe4 36.Rxe4 Qh6 37.Kh1 Rc6 38.Re2 Rg6 39.Qf1 Rg3 40.Rg2 Re6 41.Rxg3 
Bxg3 42.Bg1 Bf4 43.Rd8+ Kh7 44.Rf8 Qh5 45.Qd3+ e4 46.fxe4 Rd6 47.Qf1 g5 
48.h3 Rd1 49.Qg2 Be3 0-1